书目信息 |
| 题名: |
论语译注
|
|
| 作者: | 杨伯峻 译注 | |
| 分册: | ||
| 出版信息: | 北京 中华书局 1980 |
|
| 页数: | 316页 | |
| 开本: | 21cm | |
| 丛书名: | ||
| 单 册: | ||
| 中图分类: | B222.2 | |
| 科图分类: | ||
| 主题词: | 孔丘--哲学 , 孔丘 | |
| 电子资源: | ||
| ISBN: | ||
| 000 | 00610nam0 2200241 45 | |
| 001 | 0180005747 | |
| 005 | 20060805170237.04 | |
| 010 | @dCNY2.25 | |
| 091 | @a2018.78 | |
| 100 | @a19950524d1980 emky0chiy0121 ea | |
| 101 | 0 | @achi |
| 102 | @aCN@b110000 | |
| 105 | @ay z 000yy | |
| 200 | 10 | @a论语译注@Alun yu yi zhu@f杨伯峻译注@FYang Bo Jun Yi Zhu |
| 210 | @a北京@c中华书局@d1980 | |
| 215 | @a316页@d21cm | |
| 606 | @a孔丘@x哲学 | |
| 606 | 0 | @a孔丘 |
| 690 | @aB222.2@v3 | |
| 701 | 0 | @a杨伯峻@4译注 |
| 801 | 2 | @aCN@bNLC@c20060805 |
| 801 | 0 | @aCN@b上海图书馆@c20040428 |
| 905 | @dB222.2@e26@f1@b105387 | |
| 论语译注/杨伯峻译注.-北京:中华书局,1980 |
| 316页;21cm |
| ISBN :CNY2.25 |
| ● |
| 相关链接 |
|
|
|
|
正题名:论语译注
索取号:B222.2/26
 
预约/预借
| 序号 | 登录号 | 条形码 | 馆藏地/架位号 | 状态 | 备注 |
| 1 | 0447193 | 204471936 | 第一借阅区/ [索取号:B222.2/26] | 在馆 |